[Event "1st Online FIDE Cup for disabled players"]
[Site "T#646224FIDE"]
[Date "2020.05.21"]
[Round "5"]
[White "Annegret_Mucha"]
[Black "Sadamalisheikh"]
[Result "1-0"]
[WhiteElo "1660"]
[BlackElo "1524"]
[Annotator "NA"]
[PlyCount "127"]
[EventDate "2020.05.21"]
[EventType "swiss (blitz)"]

1. Nc3 {[%emt 0:00:04]} e6 {[%emt 0:00:07]} 2. e4 {[%emt 0:00:03]} d5 {[%emt 0:00:02]} 3. f4 {[%emt 0:00:04]} Nf6 {[%emt 0:00:18]} 4. e5 {[%emt 0:00:17]} Nfd7 {[%emt 0:00:02]} 5. Nf3 {[%emt 0:00:09]} c5 {[%emt 0:00:03]} 6. Be2 {[%emt 0:00:41]} Nc6 {[%emt 0:00:48]} 7. O-O {[%emt 0:00:10]} Be7 {[%emt 0:00:05]} 8. d3 {[%emt 0:00:23]} d4 {[%emt 0:00:14]} 9. Ne4 {[%emt 0:00:10]} b6 {[%emt 0:00:09]} 10. Nfg5 {[%emt 0:00:35]} h6 {[%emt 0:00:27]} 11. Nf3 {[%emt 0:00:03]} Bb7 {[%emt 0:00:04]} 12. Ng3 {[%emt 0:00:35]} O-O {[%emt 0:00:20]} 13. Qe1 {[%emt 0:00:18]} f6 {[%emt 0:00:02]} 14. exf6 {[%emt 0:00:23]} Bxf6 {[%emt 0:00:35]} 15. Nh5 {[%emt 0:00:22]} Be7 {[%emt 0:00:55]} 16. Qg3 {[%emt 0:00:32]} Rf7 {[%emt 0:00:53]} 17. Qg4 {[%emt 0:01:22]} Nf6 {[%emt 0:00:19]} 18. Nxf6+ {[%emt 0:00:09]} Rxf6 {[%emt 0:00:07]} 19. Ne5 {[%emt 0:00:13]} Bd6 {[%emt 0:00:48]} 20. Nxc6 {[%emt 0:00:35]} Bxc6 {[%emt 0:00:08]} 21. Bf3 {[%emt 0:00:46]} Bxf3 {[%emt 0:00:57]} 22. Rxf3 {[%emt 0:00:04]} Qe7 {[%emt 0:00:15]} 23. Bd2 {[%emt 0:00:08]} Raf8 {[%emt 0:00:07]} 24. Re1 {[%emt 0:00:06]} Qf7 {[%emt 0:00:39]} 25. Ref1 {[%emt 0:01:24]} a5 {[%emt 0:00:21]} 26. a3 {[%emt 0:00:05]} a4 {[%emt 0:00:10]} 27. g3 {[%emt 0:00:44]} b5 {[%emt 0:00:25]} 28. Kg2 {[%emt 0:00:07]} b4 {[%emt 0:00:13]} 29. axb4 {[%emt 0:00:11]} cxb4 {[%emt 0:00:05]} 30. c3 {[%emt 0:00:03]} dxc3 {[%emt 0:00:35]} 31. bxc3 {[%emt 0:00:09]} b3 {[%emt 0:00:06]} 32. c4 {[%emt 0:00:09]} a3 {[%emt 0:00:19]} 33. Bc3 {[%emt 0:00:05]} Rg6 {[%emt 0:00:14]} 34. Qh3 {[%emt 0:00:18]} Qf5 {[%emt 0:00:40]} 35. Qxf5 {[%emt 0:00:59]} exf5 {[%emt 0:00:06]} 36. d4 {[%emt 0:00:06]} b2 {[%emt 0:00:17]} 37. c5 {[%emt 0:00:05]} Bc7 {[%emt 0:00:07]} 38. d5 {[%emt 0:00:25]} Ra6 {[%emt 0:00:07]} 39. d6 {[%emt 0:00:04]} Ba5 {[%emt 0:00:12]} 40. Bxb2 {[%emt 0:00:08]} axb2 {[%emt 0:00:04]} 41. Rb3 {[%emt 0:00:02]} Bc3 {[%emt 0:00:06]} 42. Rxc3 {[%emt 0:00:06]} Rb8 {[%emt 0:00:02]} 43. d7 {[%emt 0:00:04]} Ra1 {[%emt 0:00:04]} 44. Rcf3 {[%emt 0:00:04]} b1=Q {[%emt 0:00:06]} 45. Rxb1 {[%emt 0:00:02]} Raxb1 {[%emt 0:00:03]} 46. c6 {[%emt 0:00:05]} Rd8 {[%emt 0:00:07]} 47. Rc3 {[%emt 0:00:05]} Rb2+ {[%emt 0:00:09]} 48. Kf3 {[%emt 0:00:04]} Rd2 {[%emt 0:00:28]} 49. c7 {[%emt 0:00:03]} R8xd7 {[%emt 0:00:08]} 50. c8=Q+ {[%emt 0:00:03]} Kh7 {[%emt 0:00:02]} 51. Qc5 {[%emt 0:00:05]} R7d5 {[%emt 0:00:05]} 52. Qf8 {[%emt 0:00:04]} Rd6 {[%emt 0:00:14]} 53. Qxf5+ {[%emt 0:00:02]} Kg8 {[%emt 0:00:15]} 54. Rc8+ {[%emt 0:00:03]} Rd8 {[%emt 0:00:02]} 55. Rxd8+ {[%emt 0:00:01]} Rxd8 {[%emt 0:00:02]} 56. Qe6+ {[%emt 0:00:01]} Kh7 {[%emt 0:00:04]} 57. g4 {[%emt 0:00:02]} Rd3+ {[%emt 0:00:06]} 58. Kf2 {[%emt 0:00:04]} Rd2+ {[%emt 0:00:04]} 59. Kg3 {[%emt 0:00:01]} Rd3+ {[%emt 0:00:02]} 60. Kh4 {[%emt 0:00:05]} Rd4 {[%emt 0:00:07]} 61. Qf5+ {[%emt 0:00:03]} Kh8 {[%emt 0:00:05]} 62. Kg3 {[%emt 0:00:03]} Rd1 {[%emt 0:00:11]} 63. g5 {[%emt 0:00:11]} Rg1+ {[%emt 0:00:05]} 64. Kf2 {[%emt 0:00:05] Time (Lag: Av=0.79s, max=2.0s)} 1-0

[Event "1st Online FIDE Cup for disabled players"]
[Site "T#646224FIDE"]
[Date "2020.05.21"]
[Round "5"]
[White "Aigner_Michael"]
[Black "Lipilin_Ilia2002"]
[Result "0-1"]
[WhiteElo "1659"]
[BlackElo "1606"]
[Annotator "NA"]
[PlyCount "106"]
[EventDate "2020.05.21"]
[EventType "swiss (blitz)"]

1. e4 {[%emt 0:00:03]} c5 {[%emt 0:00:04]} 2. Nc3 {[%emt 0:00:01]} Nc6 {[%emt 0:00:02]} 3. g3 {[%emt 0:00:01]} g6 {[%emt 0:00:01]} 4. Bg2 {[%emt 0:00:01]} Bg7 {[%emt 0:00:01]} 5. d3 {[%emt 0:00:01]} d6 {[%emt 0:00:01]} 6. Be3 {[%emt 0:00:04]} e5 {[%emt 0:00:02]} 7. Nh3 {[%emt 0:00:02]} Nf6 {[%emt 0:00:21]} 8. Bg5 {[%emt 0:00:33]} O-O {[%emt 0:00:12]} 9. O-O {[%emt 0:00:10]} Nd4 {[%emt 0:00:05]} 10. Nd5 {[%emt 0:00:17]} Be6 {[%emt 0:00:18]} 11. c3 {[%emt 0:00:29]} Bxd5 {[%emt 0:00:26]} 12. exd5 {[%emt 0:00:43]} Nf5 {[%emt 0:00:08]} 13. Qd2 {[%emt 0:00:31]} h6 {[%emt 0:00:13]} 14. Bxf6 {[%emt 0:00:02]} Qxf6 {[%emt 0:00:02]} 15. Rae1 {[%emt 0:00:18]} h5 {[%emt 0:00:09]} 16. f4 {[%emt 0:00:19]} exf4 {[%emt 0:00:07]} 17. Nxf4 {[%emt 0:00:14]} Rae8 {[%emt 0:00:41]} 18. Re4 {[%emt 0:00:32]} Bh6 {[%emt 0:00:33]} 19. Qe2 {[%emt 0:00:05]} Re5 {[%emt 0:02:13]} 20. Rxe5 {[%emt 0:01:25]} Qxe5 {[%emt 0:01:23]} 21. Qxe5 {[%emt 0:00:30]} dxe5 {[%emt 0:00:00]} 22. Nxh5 {[%emt 0:00:05]} Ne3 {[%emt 0:00:02]} 23. Nf6+ {[%emt 0:00:08]} Kg7 {[%emt 0:00:02]} 24. Nd7 {[%emt 0:00:07]} Rd8 {[%emt 0:00:21]} 25. Nxc5 {[%emt 0:00:04]} Nxf1 {[%emt 0:00:21]} 26. Kxf1 {[%emt 0:00:01]} b6 {[%emt 0:00:02]} 27. Na6 {[%emt 0:00:53]} Rc8 {[%emt 0:00:40]} 28. Ke2 {[%emt 0:00:18]} Bc1 {[%emt 0:00:10]} 29. Nb4 {[%emt 0:01:49]} Bxb2 {[%emt 0:00:30]} 30. c4 {[%emt 0:00:02]} Kf8 {[%emt 0:00:31]} 31. Nc6 {[%emt 0:00:03]} Ba3 {[%emt 0:00:49]} 32. Bh3 {[%emt 0:00:49]} f5 {[%emt 0:00:09]} 33. Kf3 {[%emt 0:00:18]} Bd6 {[%emt 0:00:15]} 34. Bf1 {[%emt 0:00:02]} Kf7 {[%emt 0:00:13]} 35. h3 {[%emt 0:00:02]} a6 {[%emt 0:00:14]} 36. a4 {[%emt 0:00:10]} Kf6 {[%emt 0:00:12]} 37. Bg2 {[%emt 0:00:07]} Re8 {[%emt 0:00:07]} 38. Kf2 {[%emt 0:00:19]} Bc5+ {[%emt 0:00:05]} 39. Ke2 {[%emt 0:00:05]} g5 {[%emt 0:00:06]} 40. g4 {[%emt 0:00:08]} e4 {[%emt 0:00:19]} 41. gxf5 {[%emt 0:00:19]} exd3+ {[%emt 0:00:04]} 42. Kxd3 {[%emt 0:00:01]} Re3+ {[%emt 0:00:02]} 43. Kd2 {[%emt 0:00:01]} Kxf5 {[%emt 0:00:13]} 44. Nd8 {[%emt 0:00:47]} Ra3 {[%emt 0:00:07]} 45. Bf1 {[%emt 0:00:02]} Ke4 {[%emt 0:00:07]} 46. Bg2+ {[%emt 0:00:10]} Ke5 {[%emt 0:00:05]} 47. Bf1 {[%emt 0:00:09]} Rxa4 {[%emt 0:00:05]} 48. Ne6 {[%emt 0:00:14]} Be7 {[%emt 0:00:06]} 49. Bd3 {[%emt 0:00:15]} Ra1 {[%emt 0:00:06]} 50. Be2 {[%emt 0:00:04]} Rh1 {[%emt 0:00:05]} 51. Bg4 {[%emt 0:00:01]} a5 {[%emt 0:00:01]} 52. Nc7 {[%emt 0:00:02]} a4 {[%emt 0:00:02]} 53. Nb5 {[%emt 0:00:02]} a3 {[%emt 0:00:02] Aigner_Michael resigns (Lag: Av=0.57s, max=1.3s)} 0-1

[Event "1st Online FIDE Cup for disabled players"]
[Site "T#646224FIDE"]
[Date "2020.05.21"]
[Round "5"]
[White "sahinhandenur"]
[Black "ValentaVitFM1978"]
[Result "1/2-1/2"]
[WhiteElo "1652"]
[BlackElo "1833"]
[Annotator "NA"]
[PlyCount "132"]
[EventDate "2020.05.21"]
[EventType "swiss (blitz)"]

1. e4 {[%emt 0:00:05]} e5 {[%emt 0:00:05]} 2. Nf3 {[%emt 0:00:03]} Nc6 {[%emt 0:00:04]} 3. Bb5 {[%emt 0:00:03]} a6 {[%emt 0:00:03]} 4. Ba4 {[%emt 0:00:03]} Nf6 {[%emt 0:00:05]} 5. d3 {[%emt 0:00:11]} b5 {[%emt 0:00:16]} 6. Bb3 {[%emt 0:00:04]} Be7 {[%emt 0:00:03]} 7. O-O {[%emt 0:00:09]} O-O {[%emt 0:00:04]} 8. Nc3 {[%emt 0:00:05]} d6 {[%emt 0:00:19]} 9. a3 {[%emt 0:00:03]} Bg4 {[%emt 0:00:10]} 10. Be3 {[%emt 0:00:09]} Nd4 {[%emt 0:00:57]} 11. Bxd4 {[%emt 0:00:03]} exd4 {[%emt 0:00:02]} 12. Nd5 {[%emt 0:00:01]} Nxd5 {[%emt 0:00:12]} 13. Bxd5 {[%emt 0:00:04]} Rc8 {[%emt 0:00:07]} 14. h3 {[%emt 0:00:06]} Bxf3 {[%emt 0:00:06]} 15. Qxf3 {[%emt 0:00:02]} c6 {[%emt 0:00:02]} 16. Ba2 {[%emt 0:00:11]} Bf6 {[%emt 0:00:10]} 17. Qg3 {[%emt 0:00:31]} Bh4 {[%emt 0:00:18]} 18. Qg4 {[%emt 0:00:06]} g6 {[%emt 0:00:11]} 19. f4 {[%emt 0:00:06]} Kh8 {[%emt 0:00:11]} 20. f5 {[%emt 0:00:25]} Kg7 {[%emt 0:00:37]} 21. fxg6 {[%emt 0:00:30]} hxg6 {[%emt 0:00:05]} 22. Rf3 {[%emt 0:00:13]} Rc7 {[%emt 0:00:36]} 23. Raf1 {[%emt 0:01:30]} Qg5 {[%emt 0:00:14]} 24. Rf4 {[%emt 0:00:59]} Qxg4 {[%emt 0:00:13]} 25. Rxg4 {[%emt 0:00:04]} Bf6 {[%emt 0:00:03]} 26. Rgf4 {[%emt 0:00:11]} Be5 {[%emt 0:00:07]} 27. R4f3 {[%emt 0:00:02]} c5 {[%emt 0:00:11]} 28. Bd5 {[%emt 0:00:10]} c4 {[%emt 0:00:08]} 29. dxc4 {[%emt 0:00:25]} bxc4 {[%emt 0:00:05]} 30. b3 {[%emt 0:00:05]} d3 {[%emt 0:01:40]} 31. bxc4 {[%emt 0:00:37]} dxc2 {[%emt 0:00:11]} 32. Rc1 {[%emt 0:00:05]} Rb8 {[%emt 0:00:05]} 33. Rxc2 {[%emt 0:00:14]} Rb1+ {[%emt 0:00:06]} 34. Kf2 {[%emt 0:00:03]} Bd4+ {[%emt 0:00:04]} 35. Ke2 {[%emt 0:00:02]} Rg1 {[%emt 0:00:21]} 36. Kd3 {[%emt 0:00:06]} Bc5 {[%emt 0:00:06]} 37. Rb2 {[%emt 0:00:58]} Bxa3 {[%emt 0:00:15]} 38. Rbf2 {[%emt 0:00:19]} Bc5 {[%emt 0:00:23]} 39. Rxf7+ {[%emt 0:00:03]} Rxf7 {[%emt 0:00:02]} 40. Rxf7+ {[%emt 0:00:03]} Kh6 {[%emt 0:00:02] sahinhandenur beraberlik teklif ediyor} 41. Rc7 {[%emt 0:02:00]} Bb4 {[%emt 0:00:52]} 42. Rb7 {[%emt 0:00:16]} a5 {[%emt 0:00:11]} 43. e5 {[%emt 0:00:13]} dxe5 {[%emt 0:00:12]} 44. Bf3 {[%emt 0:00:09]} Rc1 {[%emt 0:00:26]} 45. Bd5 {[%emt 0:00:29]} Rd1+ {[%emt 0:00:23]} 46. Ke4 {[%emt 0:00:05]} Re1+ {[%emt 0:00:03]} 47. Kd3 {[%emt 0:00:05]} Rf1 {[%emt 0:00:15]} 48. Ke4 {[%emt 0:00:11]} Bc3 {[%emt 0:00:10]} 49. Rb3 {[%emt 0:00:20]} Bd4 {[%emt 0:00:11]} 50. Ra3 {[%emt 0:00:10]} Re1+ {[%emt 0:00:09]} 51. Kf3 {[%emt 0:00:02]} Bb6 {[%emt 0:00:07]} 52. Rb3 {[%emt 0:00:06] sahinhandenur beraberlik teklif ediyor} Bc5 {[%emt 0:00:08]} 53. Rb5 {[%emt 0:00:28]} Bd4 {[%emt 0:00:20]} 54. Rxa5 {[%emt 0:00:07]} e4+ {[%emt 0:00:06]} 55. Bxe4 {[%emt 0:00:16]} Re3+ {[%emt 0:00:03]} 56. Kf4 {[%emt 0:00:01]} Rc3 {[%emt 0:00:15]} 57. Ra6 {[%emt 0:00:06]} Be3+ {[%emt 0:00:23]} 58. Ke5 {[%emt 0:00:04]} Rxc4 {[%emt 0:00:06]} 59. Rxg6+ {[%emt 0:00:05]} Kh5 {[%emt 0:00:02]} 60. g4+ {[%emt 0:00:01]} Kh4 {[%emt 0:00:02]} 61. Rg8 {[%emt 0:00:03]} Kxh3 {[%emt 0:00:07]} 62. Bf5 {[%emt 0:00:07]} Kh4 {[%emt 0:00:08]} 63. Rh8+ {[%emt 0:00:08]} Kg3 {[%emt 0:00:02]} 64. Rg8 {[%emt 0:00:03]} Kh4 {[%emt 0:00:09]} 65. Kf6 {[%emt 0:00:13]} Rc6+ {[%emt 0:00:08]} 66. Ke5 {[%emt 0:00:02]} Rc4 {[%emt 0:00:07] (Lag: Av=0.64s, max=1.1s)} 1/2-1/2

[Event "1st Online FIDE Cup for disabled players"]
[Site "T#646224FIDE"]
[Date "2020.05.21"]
[Round "5"]
[White "Economist1"]
[Black "Gonchigdorj_Gombo"]
[Result "1-0"]
[WhiteElo "1616"]
[BlackElo "1536"]
[Annotator "NA"]
[PlyCount "63"]
[EventDate "2020.05.21"]
[EventType "swiss (blitz)"]

1. d4 {[%emt 0:00:06]} c5 {[%emt 0:00:11]} 2. d5 {[%emt 0:00:03]} g6 {[%emt 0:00:04]} 3. c4 {[%emt 0:00:02]} Bg7 {[%emt 0:00:03]} 4. Nc3 {[%emt 0:00:02]} Nf6 {[%emt 0:00:03]} 5. e4 {[%emt 0:00:02]} Qa5 {[%emt 0:00:05]} 6. f3 {[%emt 0:00:07]} O-O {[%emt 0:01:23]} 7. Bd3 {[%emt 0:00:26]} d6 {[%emt 0:00:20]} 8. Nge2 {[%emt 0:00:05]} Nbd7 {[%emt 0:00:04]} 9. f4 {[%emt 0:00:07]} Qc7 {[%emt 0:00:08]} 10. O-O {[%emt 0:00:05]} e5 {[%emt 0:00:40]} 11. f5 {[%emt 0:00:16]} Qd8 {[%emt 0:00:13]} 12. Ng3 {[%emt 0:00:09]} h5 {[%emt 0:00:30]} 13. Bg5 {[%emt 0:00:19]} Kh7 {[%emt 0:00:24]} 14. Qd2 {[%emt 0:00:24]} Qe8 {[%emt 0:00:21]} 15. Nb5 {[%emt 0:00:32]} Qe7 {[%emt 0:01:07]} 16. fxg6+ {[%emt 0:00:27]} fxg6 {[%emt 0:00:02]} 17. Nc7 {[%emt 0:00:03]} Rb8 {[%emt 0:00:17]} 18. Ne6 {[%emt 0:00:06]} Rf7 {[%emt 0:00:05]} 19. Rf2 {[%emt 0:00:08]} Nf8 {[%emt 0:01:03]} 20. Nxg7 {[%emt 0:00:19]} Kxg7 {[%emt 0:00:07]} 21. Raf1 {[%emt 0:00:04]} N8h7 {[%emt 0:00:13]} 22. Be2 {[%emt 0:00:44]} Bg4 {[%emt 0:00:42]} 23. Bxg4 {[%emt 0:00:53]} hxg4 {[%emt 0:00:02]} 24. Bxf6+ {[%emt 0:00:13]} Rxf6 {[%emt 0:00:06]} 25. Rxf6 {[%emt 0:00:11]} Nxf6 {[%emt 0:00:03]} 26. Qg5 {[%emt 0:00:14]} Kf7 {[%emt 0:00:36]} 27. Qxg4 {[%emt 0:00:27]} Rg8 {[%emt 0:01:35]} 28. Qg5 {[%emt 0:00:09]} Rf8 {[%emt 0:00:46]} 29. h4 {[%emt 0:00:20]} Ke8 {[%emt 0:00:03]} 30. Qxg6+ {[%emt 0:00:12]} Kd8 {[%emt 0:00:01]} 31. Nf5 {[%emt 0:00:09]} Qd7 {[%emt 0:00:32]} 32. Ng7 {[%emt 0:00:19] Time (Lag: Av=0.54s, max=1.0s)} 1-0

[Event "1st Online FIDE Cup for disabled players"]
[Site "T#646224FIDE"]
[Date "2020.05.21"]
[Round "5"]
[White "Yormanali79"]
[Black "HuangGuoHui"]
[Result "0-1"]
[WhiteElo "1593"]
[BlackElo "1261"]
[Annotator "NA"]
[PlyCount "58"]
[EventDate "2020.05.21"]
[EventType "swiss (blitz)"]

1. d4 {[%emt 0:00:02]} d5 {[%emt 0:00:06]} 2. c4 {[%emt 0:00:06]} c6 {[%emt 0:00:05]} 3. Nc3 {[%emt 0:00:04]} Nf6 {[%emt 0:00:02]} 4. Nf3 {[%emt 0:00:02]} g6 {[%emt 0:00:05]} 5. Bg5 {[%emt 0:00:05]} Bg7 {[%emt 0:00:04]} 6. e3 {[%emt 0:00:05]} O-O {[%emt 0:00:03]} 7. c5 {[%emt 0:00:13]} Bf5 {[%emt 0:00:25]} 8. Bd3 {[%emt 0:00:09]} Ne4 {[%emt 0:00:09]} 9. Bxe7 {[%emt 0:00:07]} Qxe7 {[%emt 0:00:12]} 10. O-O {[%emt 0:00:13]} Nd7 {[%emt 0:00:28]} 11. Qc2 {[%emt 0:00:22]} b6 {[%emt 0:00:09]} 12. b4 {[%emt 0:00:15]} a5 {[%emt 0:00:49]} 13. a3 {[%emt 0:00:19]} axb4 {[%emt 0:00:03]} 14. axb4 {[%emt 0:00:00]} Rxa1 {[%emt 0:00:02]} 15. Rxa1 {[%emt 0:00:07]} bxc5 {[%emt 0:00:02]} 16. bxc5 {[%emt 0:00:07]} Ndxc5 {[%emt 0:00:36]} 17. Bxe4 {[%emt 0:01:22]} Nxe4 {[%emt 0:00:08]} 18. Nxe4 {[%emt 0:00:13]} dxe4 {[%emt 0:00:03]} 19. Nd2 {[%emt 0:02:00]} c5 {[%emt 0:00:05]} 20. Rc1 {[%emt 0:00:46]} cxd4 {[%emt 0:00:04]} 21. exd4 {[%emt 0:00:04]} Bxd4 {[%emt 0:00:11]} 22. Qd1 {[%emt 0:01:26]} e3 {[%emt 0:00:13]} 23. fxe3 {[%emt 0:00:48]} Bxe3+ {[%emt 0:00:27]} 24. Kh1 {[%emt 0:00:01]} Rd8 {[%emt 0:00:03]} 25. Qa4 {[%emt 0:02:03]} Rxd2 {[%emt 0:00:22]} 26. Qa8+ {[%emt 0:00:13]} Rd8 {[%emt 0:00:08]} 27. Qf3 {[%emt 0:00:16]} Bxc1 {[%emt 0:00:04] Yormanali79 ofrece tablas} 28. h3 {[%emt 0:00:39]} Qe1+ {[%emt 0:00:15]} 29. Kh2 {[%emt 0:00:11]} Rd1 {[%emt 0:00:31] Tiempo (Lag: Av=2.33s, max=3.3s)} 0-1

[Event "1st Online FIDE Cup for disabled players"]
[Site "T#646224FIDE"]
[Date "2020.05.21"]
[Round "5"]
[White "Natashamorales11"]
[Black "REIFENCHUK1"]
[Result "1-0"]
[WhiteElo "1583"]
[BlackElo "1671"]
[Annotator "NA"]
[PlyCount "71"]
[EventDate "2020.05.21"]
[EventType "swiss (blitz)"]

1. d4 {[%emt 0:00:06]} Nf6 {[%emt 0:00:06]} 2. c4 {[%emt 0:00:02]} e6 {[%emt 0:00:01]} 3. Nc3 {[%emt 0:00:02]} Bb4 {[%emt 0:00:02]} 4. e3 {[%emt 0:00:02]} O-O {[%emt 0:00:02]} 5. Nf3 {[%emt 0:00:03]} d5 {[%emt 0:00:02]} 6. Bd3 {[%emt 0:00:14]} b6 {[%emt 0:00:04]} 7. O-O {[%emt 0:00:07]} Bb7 {[%emt 0:00:01]} 8. cxd5 {[%emt 0:00:08]} exd5 {[%emt 0:00:01]} 9. a3 {[%emt 0:01:23]} Bd6 {[%emt 0:00:02]} 10. b4 {[%emt 0:00:03]} Nbd7 {[%emt 0:00:05]} 11. Nb5 {[%emt 0:00:31]} Be7 {[%emt 0:00:02]} 12. Bd2 {[%emt 0:00:29]} a6 {[%emt 0:00:02]} 13. Nc3 {[%emt 0:00:03]} Bd6 {[%emt 0:00:02]} 14. Qb3 {[%emt 0:00:17]} Qe7 {[%emt 0:00:09]} 15. b5 {[%emt 0:00:43]} a5 {[%emt 0:00:02]} 16. a4 {[%emt 0:00:15]} Rfe8 {[%emt 0:00:07]} 17. Bc1 {[%emt 0:00:21]} Nf8 {[%emt 0:01:33]} 18. Ba3 {[%emt 0:00:12]} Ng6 {[%emt 0:00:10]} 19. Bxd6 {[%emt 0:00:59]} cxd6 {[%emt 0:00:05]} 20. Rac1 {[%emt 0:00:21]} Rac8 {[%emt 0:00:05]} 21. Bf5 {[%emt 0:00:18]} Rc4 {[%emt 0:00:21]} 22. Nd2 {[%emt 0:00:26]} Nh4 {[%emt 0:00:24]} 23. Bh3 {[%emt 0:00:19]} Rb4 {[%emt 0:00:54]} 24. Qa3 {[%emt 0:00:03]} Ne4 {[%emt 0:00:11]} 25. Ndxe4 {[%emt 0:00:15]} dxe4 {[%emt 0:00:01]} 26. Na2 {[%emt 0:00:03]} Nf3+ {[%emt 0:00:51]} 27. gxf3 {[%emt 0:00:31]} Qh4 {[%emt 0:00:07]} 28. Bd7 {[%emt 0:01:07]} exf3 {[%emt 0:00:19]} 29. Kh1 {[%emt 0:00:29]} Re6 {[%emt 0:01:07]} 30. Bxe6 {[%emt 0:00:08]} fxe6 {[%emt 0:00:01]} 31. Nxb4 {[%emt 0:00:09]} Qh3 {[%emt 0:01:00]} 32. Rg1 {[%emt 0:00:12]} Qh4 {[%emt 0:00:06]} 33. Rg3 {[%emt 0:00:05]} axb4 {[%emt 0:00:08]} 34. Qxb4 {[%emt 0:00:04]} Qe7 {[%emt 0:00:05]} 35. Qc4 {[%emt 0:00:10]} h5 {[%emt 0:00:01]} 36. Qc7 {[%emt 0:00:03] REIFENCHUK1 Ñäàåòñÿ (Lag: Av=0.54s, max=1.6s)} 1-0

[Event "1st Online FIDE Cup for disabled players"]
[Site "T#646224FIDE"]
[Date "2020.05.21"]
[Round "5"]
[White "Ikemat35"]
[Black "Matthias Dorner"]
[Result "1-0"]
[WhiteElo "1548"]
[BlackElo "1651"]
[Annotator "NA"]
[PlyCount "54"]
[EventDate "2020.05.21"]
[EventType "swiss (blitz)"]

1. d4 {[%emt 0:00:09]} c6 {[%emt 0:00:00]} 2. c4 {[%emt 0:00:15]} d5 {[%emt 0:00:02]} 3. Nc3 {[%emt 0:00:01]} Nf6 {[%emt 0:00:02]} 4. e3 {[%emt 0:00:05]} Bf5 {[%emt 0:00:03]} 5. Bd3 {[%emt 0:00:02]} Bg6 {[%emt 0:00:06]} 6. Nf3 {[%emt 0:00:02]} e6 {[%emt 0:00:01]} 7. O-O {[%emt 0:00:02]} Nbd7 {[%emt 0:00:01]} 8. b3 {[%emt 0:00:04]} Bd6 {[%emt 0:00:02]} 9. Bb2 {[%emt 0:00:01]} O-O {[%emt 0:00:03]} 10. c5 {[%emt 0:00:06]} Bc7 {[%emt 0:00:03]} 11. b4 {[%emt 0:00:01]} a6 {[%emt 0:00:04]} 12. a4 {[%emt 0:00:02]} e5 {[%emt 0:00:03]} 13. dxe5 {[%emt 0:00:05]} Nxe5 {[%emt 0:00:03]} 14. Bxg6 {[%emt 0:00:04]} Nxg6 {[%emt 0:00:02]} 15. b5 {[%emt 0:00:04]} Qe7 {[%emt 0:00:05]} 16. b6 {[%emt 0:00:08]} Bd8 {[%emt 0:00:01]} 17. Ba3 {[%emt 0:00:01]} Re8 {[%emt 0:00:05]} 18. Ne2 {[%emt 0:00:01]} Ne4 {[%emt 0:00:02]} 19. Qc2 {[%emt 0:00:01]} Qd7 {[%emt 0:00:02]} 20. Ned4 {[%emt 0:00:01]} Bf6 {[%emt 0:00:05]} 21. a5 {[%emt 0:00:03]} h6 {[%emt 0:00:04]} 22. Rad1 {[%emt 0:00:03]} Re7 {[%emt 0:00:05]} 23. h3 {[%emt 0:00:09]} Rae8 {[%emt 0:00:01]} 24. Nd2 {[%emt 0:00:01]} Bxd4 {[%emt 0:00:07]} 25. exd4 {[%emt 0:00:01]} Nf4 {[%emt 0:00:05]} 26. Nxe4 {[%emt 0:00:19]} Rxe4 {[%emt 0:00:02]} 27. Bb2 {[%emt 0:00:19]} Qxh3 {[%emt 0:00:40] Matthias Dorner gibt auf (Lag: Av=0.60s, max=1.2s)} 1-0

[Event "1st Online FIDE Cup for disabled players"]
[Site "T#646224FIDE"]
[Date "2020.05.21"]
[Round "5"]
[White "Aleksandra_Aleksandrov"]
[Black "Shahpalangov"]
[Result "0-1"]
[WhiteElo "1487"]
[BlackElo "1563"]
[Annotator "NA"]
[PlyCount "96"]
[EventDate "2020.05.21"]
[EventType "swiss (blitz)"]

1. d4 {[%emt 0:00:06]} d5 {[%emt 0:00:02]} 2. e3 {[%emt 0:00:01]} Nf6 {[%emt 0:00:03]} 3. Bd3 {[%emt 0:00:04]} e6 {[%emt 0:00:01]} 4. Nd2 {[%emt 0:00:03]} Be7 {[%emt 0:00:01]} 5. c3 {[%emt 0:00:05]} Nbd7 {[%emt 0:00:03]} 6. Ngf3 {[%emt 0:00:00]} a6 {[%emt 0:00:05]} 7. Ne5 {[%emt 0:00:07]} c5 {[%emt 0:00:04]} 8. f4 {[%emt 0:00:02]} Qc7 {[%emt 0:00:20]} 9. O-O {[%emt 0:00:36]} b5 {[%emt 0:00:06]} 10. Qf3 {[%emt 0:00:22]} Bb7 {[%emt 0:00:04]} 11. g4 {[%emt 0:00:12]} h6 {[%emt 0:00:05]} 12. h4 {[%emt 0:00:03]} g5 {[%emt 0:00:29]} 13. Nxd7 {[%emt 0:01:07]} Nxd7 {[%emt 0:00:06]} 14. fxg5 {[%emt 0:00:03]} O-O-O {[%emt 0:00:10]} 15. a4 {[%emt 0:00:32]} c4 {[%emt 0:00:10]} 16. Be2 {[%emt 0:00:07]} hxg5 {[%emt 0:00:03]} 17. h5 {[%emt 0:00:03]} Nf6 {[%emt 0:00:05]} 18. Kg2 {[%emt 0:00:43]} Kb8 {[%emt 0:00:42]} 19. axb5 {[%emt 0:00:07]} axb5 {[%emt 0:00:03]} 20. Qg3 {[%emt 0:00:18]} Bd6 {[%emt 0:00:03]} 21. Qe1 {[%emt 0:00:02]} Ng8 {[%emt 0:00:22]} 22. Bf3 {[%emt 0:00:08]} Nh6 {[%emt 0:00:04]} 23. e4 {[%emt 0:00:08]} f5 {[%emt 0:00:18]} 24. e5 {[%emt 0:00:14]} Be7 {[%emt 0:00:03]} 25. Qg3 {[%emt 0:00:11]} Rdf8 {[%emt 0:00:07]} 26. Nb1 {[%emt 0:00:12]} Qd7 {[%emt 0:01:34]} 27. Bd2 {[%emt 0:00:37]} Qe8 {[%emt 0:00:05]} 28. Rh1 {[%emt 0:00:19]} Qf7 {[%emt 0:00:12]} 29. Be1 {[%emt 0:00:13]} fxg4 {[%emt 0:00:11]} 30. Bxg4 {[%emt 0:00:03]} Nf5 {[%emt 0:00:07]} 31. Qh3 {[%emt 0:00:24]} Qh7 {[%emt 0:00:20]} 32. Nd2 {[%emt 0:00:09]} Bc8 {[%emt 0:00:27]} 33. Nf1 {[%emt 0:00:29]} Nh6 {[%emt 0:00:10]} 34. Ne3 {[%emt 0:00:31]} Qe4+ {[%emt 0:00:21]} 35. Kg1 {[%emt 0:01:07]} Nxg4 {[%emt 0:00:27]} 36. Nxg4 {[%emt 0:00:10]} Rf4 {[%emt 0:00:04]} 37. Nf2 {[%emt 0:00:18]} Qe2 {[%emt 0:00:04]} 38. Rd1 {[%emt 0:01:34]} Rxf2 {[%emt 0:01:12]} 39. Bxf2 {[%emt 0:00:02]} Qxd1+ {[%emt 0:00:03]} 40. Kg2 {[%emt 0:00:02]} Qc2 {[%emt 0:00:02]} 41. h6 {[%emt 0:00:20]} Qh7 {[%emt 0:00:04]} 42. Qg4 {[%emt 0:00:21]} Qg6 {[%emt 0:00:03]} 43. Qd1 {[%emt 0:01:05]} Rxh6 {[%emt 0:00:06]} 44. Rxh6 {[%emt 0:00:04]} Qxh6 {[%emt 0:00:01]} 45. b3 {[%emt 0:00:01]} Qg6 {[%emt 0:00:16]} 46. bxc4 {[%emt 0:00:04]} Qe4+ {[%emt 0:00:01]} 47. Kh3 {[%emt 0:00:18]} g4+ {[%emt 0:00:05]} 48. Kh2 {[%emt 0:00:10]} dxc4 {[%emt 0:00:06] Âðåìÿ (Lag: Av=1.47s, max=9.7s)} 0-1